| 000 | 00543nam a2200205 a 4500 | ||
|---|---|---|---|
| 005 | 20140310183419.0 | ||
| 008 | 070920s19uu xx 00 eng d | ||
| 020 | _a9812549129 | ||
| 050 |
_aQP 514.2 _b.C187 2005 |
||
| 100 | _aCampbell, Mary K. | ||
| 245 |
_aBiochemistry / _cMary K. Campbell |
||
| 250 | _a4th ed. | ||
| 260 |
_aAustralia : _bThomson, Brooks/Cole, _c2005. |
||
| 300 |
_aI-20 p. : _bill. ; _c25 cm. |
||
| 521 | _aNUR | ||
| 650 | _aBiochemistry. | ||
| 700 | _aFarrell, Shawn O. | ||
| 942 |
_cBK _2lcc _kFOR |
||
| 999 |
_c22597 _d22597 |
||